Normal view
MARC view
- تنس الطاولة - رياضة
Entry Topical Term
001 - CONTROL NUMBER
- control field: 16405
003 - CONTROL NUMBER IDENTIFIER
- control field: JO-AjAnu
005 - DATE AND TIME OF LATEST TRANSACTION
- control field: 20230606072921.0
008 - FIXED-LENGTH DATA ELEMENTS
- fixed length control field: 230606|| aca||aabn | a|a d
040 ## - CATALOGING SOURCE
- Original cataloging agency: JO-AjAnu
- Transcribing agency: JO-AjAnu
150 ## - HEADING--TOPICAL TERM
- Topical term or geographic name entry element: تنس الطاولة - رياضة
670 ## - SOURCE DATA FOUND
- Source citation: Work cat.: (JO-AjAnu)8420: اعداد سليم، سمير, author 16404, الطريق للعالمية في تنس الطاولة، الجزء الأول